[Event "First Saturday 2009 februar IM"]
[Site "Budapest"]
[Date "2009.02.07"]
[Round "1"]
[White "Parkanyi, Attila"]
[Black "Kislik, Erik Andrew"]
[Result "1-0"]
[WhiteElo "2334"]
[BlackElo "2310"]
[PlyCount "125"]
[EventDate "2009.02.07"]

1. e4 e5 2. Nf3 Nc6 3. Bb5 a6 4. Ba4 Nf6 5. O-O Be7 6. Re1 b5 7. Bb3 d6 8. c3
O-O 9. d4 Bg4 10. Be3 exd4 11. cxd4 Na5 12. Bc2 Nc4 13. Bc1 c5 14. b3 Nb6 15.
Nbd2 Nfd7 16. Bb2 Re8 17. Qb1 Bh5 18. a4 Bg6 19. Bd3 bxa4 20. bxa4 a5 21. Bc3
Qc7 22. Qb2 Nd5 23. Bb5 Nxc3 24. Qxc3 Bf6 25. Rac1 Qa7 26. Qa3 Rec8 27. Nc4 Rc7
28. Nxd6 cxd4 29. Bc6 Be7 30. Bxa8 Rxc1 31. Qxc1 Bxd6 32. Qc8+ Nf8 33. Rd1 Bh5
34. Bd5 Bxf3 35. gxf3 h5 36. Qf5 g6 37. Qf6 Qc7 38. h3 Be5 39. Bxf7+ Kh7 40.
Qg5 Bh2+ 41. Kg2 Qxf7 42. Kxh2 Qxf3 43. Rg1 Qxf2+ 44. Rg2 Qf7 45. Qg3 Ne6 46.
Rf2 Qg7 47. Qd6 Ng5 48. Qd5 Qe7 49. h4 Ne6 50. Kg3 Qc7+ 51. e5 Ng7 52. Qxd4
Nf5+ 53. Rxf5 gxf5 54. Kf4 Qf7 55. Qd3 Kg6 56. Qg3+ Kh7 57. Qg5 Qc4+ 58. Kxf5
Qd3+ 59. Ke6 Qa6+ 60. Kf7 Qb7+ 61. Qe7 Qf3+ 62. Ke6+ Kg8 63. Qg5+ 1-0

[Event "First Saturday 2009 februar IM"]
[Site "Budapest"]
[Date "2009.02.07"]
[Round "1"]
[White "Farago, Sandor"]
[Black "Bacso, Gabor"]
[Result "1-0"]
[WhiteElo "2263"]
[BlackElo "2123"]
[PlyCount "57"]
[EventDate "2009.02.07"]

1. e4 c5 2. Nf3 d6 3. d4 cxd4 4. Nxd4 Nf6 5. Nc3 a6 6. Bc4 e6 7. Bb3 Nbd7 8.
Qe2 Nc5 9. Bg5 Be7 10. f4 h6 11. Bxf6 Bxf6 12. O-O-O Qc7 13. g4 b5 14. a3 Bd7
15. h4 Rb8 16. g5 hxg5 17. e5 dxe5 18. hxg5 Rxh1 19. Rxh1 Nxb3+ 20. Nxb3 Be7
21. Rh8+ Bf8 22. fxe5 Bc6 23. Nc5 Rd8 24. g6 Bd5 25. b4 Bc4 26. Qe4 fxg6 27.
Qf3 Ke7 28. Qf4 a5 29. N3e4 1-0

[Event "First Saturday 2009 februar IM"]
[Site "Budapest"]
[Date "2009.02.07"]
[Round "1"]
[White "Lyell, Mark"]
[Black "Toth, Lili"]
[Result "1-0"]
[WhiteElo "2287"]
[BlackElo "2190"]
[PlyCount "63"]
[EventDate "2009.02.07"]

1. e4 c5 2. Nc3 e6 3. f4 d5 4. Nf3 dxe4 5. Nxe4 Nd7 6. b3 Ngf6 7. Nf2 Bd6 8.
Nd3 Qc7 9. g3 O-O 10. Bb2 b6 11. Bg2 Bb7 12. O-O Rac8 13. c4 Rfe8 14. Nde5 Bxf3
15. Nxf3 e5 16. fxe5 Nxe5 17. Nh4 Ng6 18. Bxf6 gxf6 19. Nf5 Bf8 20. Qh5 Qe5 21.
Bd5 Nh8 22. d4 Qe2 23. Bf3 Qc2 24. d5 Re5 25. Qg4+ Ng6 26. Ne7+ Bxe7 27. Qxc8+
Kg7 28. Rad1 Re3 29. d6 Rxf3 30. dxe7 Rxf1+ 31. Rxf1 Nxe7 32. Qg4+ 1-0

[Event "First Saturday 2009 februar IM"]
[Site "Budapest"]
[Date "2009.02.07"]
[Round "1"]
[White "Cox, Tristan"]
[Black "Simonyi, Zoltan"]
[Result "0-1"]
[WhiteElo "2130"]
[BlackElo "2227"]
[PlyCount "60"]
[EventDate "2009.02.07"]

1. Nf3 c5 2. c4 g6 3. d4 Bg7 4. e4 cxd4 5. Nxd4 b6 6. Nc3 Bb7 7. Be2 d6 8. Qa4+
Nd7 9. Be3 Ngf6 10. Bf3 O-O 11. e5 dxe5 12. Ne6 fxe6 13. Bxb7 Rb8 14. Qc6 Nc5
15. Bxc5 bxc5 16. Qxe6+ Kh8 17. Bd5 Rxb2 18. O-O e4 19. Rab1 Rc2 20. Nxe4 Nxe4
21. Qxe4 Rxa2 22. f4 Rb2 23. Rbd1 Qc7 24. Rd3 Rb6 25. Be6 Bd4+ 26. Rxd4 cxd4
27. Qxd4+ Rf6 28. f5 gxf5 29. Bxf5 Rbd6 30. Qc3 Qc5+ 0-1

[Event "First Saturday 2009 februar IM"]
[Site "Budapest"]
[Date "2009.02.07"]
[Round "1"]
[White "Vybiral, Zdenek"]
[Black "Csirik, Andras"]
[Result "1/2-1/2"]
[WhiteElo "2232"]
[BlackElo "2271"]
[PlyCount "65"]
[EventDate "2009.02.07"]

1. d4 Nf6 2. c4 g6 3. Nc3 Bg7 4. e4 d6 5. h3 O-O 6. Bg5 Na6 7. Nf3 e5 8. d5 h6
9. Be3 Nc5 10. Nd2 a5 11. a3 c6 12. b4 axb4 13. axb4 Rxa1 14. Qxa1 Na6 15. Qa3
Nd7 16. Nb3 c5 17. bxc5 dxc5 18. Nb5 Nb4 19. Kd2 b6 20. g4 f5 21. gxf5 gxf5 22.
exf5 Qf6 23. Nc1 Bb7 24. Bd3 e4 25. Bxe4 Qe5 26. Nc3 Nf6 27. Bb1 Ra8 28. Qb3
Kh8 29. N1e2 Bc8 30. Rg1 Bd7 31. Bf4 Qe8 32. Ng3 Nh5 33. Be3 1/2-1/2

[Event "First Saturday 2009 februar IM"]
[Site "Budapest"]
[Date "2009.02.08"]
[Round "2"]
[White "Simonyi, Zoltan"]
[Black "Vybiral, Zdenek"]
[Result "1-0"]
[WhiteElo "2227"]
[BlackElo "2232"]
[PlyCount "115"]
[EventDate "2009.02.07"]

1. d4 e6 2. g3 c5 3. Nf3 d5 4. c3 Nc6 5. Bg2 Nf6 6. O-O Qb6 7. e3 Bd6 8. Nbd2
O-O 9. Qe2 Qa6 10. Qxa6 bxa6 11. Nb3 cxd4 12. exd4 a5 13. Re1 Nd7 14. Bf1 Rb8
15. Bd3 a4 16. Nbd2 e5 17. Bc2 exd4 18. Nxd4 Nxd4 19. cxd4 Nb6 20. Nf1 Bd7 21.
b3 Bb5 22. Bd2 g6 23. Ne3 a3 24. Rec1 Rfc8 25. Bd1 Bf8 26. Rxc8 Rxc8 27. Rc1
Rxc1 28. Bxc1 Bg7 29. Nc2 Bd3 30. Bxa3 Bxc2 31. Bxc2 Bxd4 32. Kf1 Kg7 33. Be7
f6 34. Ke2 Kf7 35. Bb4 Nd7 36. h3 Ke6 37. Bd3 Nc5 38. f3 Nxd3 39. Kxd3 Bf2 40.
g4 Ke5 41. Bd2 f5 42. b4 Bb6 43. f4+ Kd6 44. Be3 Kc6 45. Bxb6 Kxb6 46. gxf5
gxf5 47. a4 Kc6 48. Kd4 Kd6 49. b5 h6 50. h4 Kc7 51. Kxd5 Kb6 52. Ke5 Ka5 53.
Kxf5 Kxa4 54. Ke6 Kxb5 55. f5 a5 56. f6 a4 57. f7 a3 58. f8=Q 1-0

[Event "First Saturday 2009 februar IM"]
[Site "Budapest"]
[Date "2009.02.08"]
[Round "2"]
[White "Toth, Lili"]
[Black "Cox, Tristan"]
[Result "1-0"]
[WhiteElo "2190"]
[BlackElo "2130"]
[PlyCount "55"]
[EventDate "2009.02.07"]

1. e4 c5 2. Nf3 d6 3. d4 Nf6 4. Nc3 cxd4 5. Nxd4 g6 6. Bg5 Nc6 7. Nb3 Bg7 8.
Qd2 h6 9. Bf4 a5 10. a4 e5 11. Be3 Be6 12. O-O-O O-O 13. Qxd6 Qc8 14. Qd2 Rd8
15. Qe1 Rxd1+ 16. Qxd1 Bxb3 17. cxb3 Nd4 18. Kb1 Qf8 19. Bc4 Rd8 20. Qc1 Nd7
21. f3 Nc5 22. Bxd4 exd4 23. Nd5 Rc8 24. Qf4 Nxa4 25. Nf6+ Kh8 26. e5 Rxc4 27.
bxc4 Qb4 28. Qxd4 1-0

[Event "First Saturday 2009 februar IM"]
[Site "Budapest"]
[Date "2009.02.08"]
[Round "2"]
[White "Kislik, Erik Andrew"]
[Black "Farago, Sandor"]
[Result "1-0"]
[WhiteElo "2310"]
[BlackElo "2263"]
[PlyCount "75"]
[EventDate "2009.02.07"]

1. e4 Nf6 2. e5 Nd5 3. Nc3 Nxc3 4. bxc3 d6 5. f4 dxe5 6. fxe5 c5 7. Bc4 Nc6 8.
e6 Bxe6 9. Bxe6 fxe6 10. Nh3 Qd5 11. O-O O-O-O 12. Qg4 h5 13. Qa4 g5 14. d3 Bh6
15. Be3 g4 16. Nf4 Bxf4 17. Rxf4 g3 18. hxg3 Rdg8 19. Bf2 h4 20. Rxh4 Nb4 21.
Rxh8 Rxh8 22. Qxa7 Na6 23. Rb1 Qh5 24. Qxb7+ Kd8 25. Kf1 Nc7 26. g4 Qh2 27. Ke2
Qe5+ 28. Kd2 Rh2 29. Qf3 Nd5 30. Qf8+ Kd7 31. Rb7+ Nc7 32. Qf3 Qg5+ 33. Be3 Qe5
34. Bf4 Rxg2+ 35. Kc1 Rg1+ 36. Kb2 Qe1 37. Rxc7+ Ke8 38. Rc8+ 1-0

[Event "First Saturday 2009 februar IM"]
[Site "Budapest"]
[Date "2009.02.08"]
[Round "2"]
[White "Kahn, Evart"]
[Black "Parkanyi, Attila"]
[Result "1/2-1/2"]
[WhiteElo "2290"]
[BlackElo "2334"]
[PlyCount "38"]
[EventDate "2009.02.07"]

1. e4 e5 2. Nf3 Nf6 3. Nxe5 d6 4. Nf3 Nxe4 5. Nc3 Nxc3 6. dxc3 Be7 7. Bf4 O-O
8. Qd2 Nd7 9. O-O-O Nc5 10. Be3 c6 11. Bxc5 dxc5 12. Qf4 Qa5 13. Bd3 Be6 14. a3
Bf6 15. Ng5 Bxg5 16. Qxg5 Rfe8 17. Rhe1 h6 18. Qh5 Qc7 19. Qxc5 Qxh2 1/2-1/2

[Event "First Saturday 2009 februar IM"]
[Site "Budapest"]
[Date "2009.02.09"]
[Round "3"]
[White "Lyell, Mark"]
[Black "Kislik, Erik Andrew"]
[Result "1-0"]
[WhiteElo "2287"]
[BlackElo "2310"]
[PlyCount "39"]
[EventDate "2009.02.07"]

1. e4 e5 2. Nc3 Nc6 3. f4 exf4 4. Nf3 h6 5. d4 g5 6. d5 Nb8 7. Qd4 Nf6 8. e5
Nh5 9. g4 fxg3 10. hxg3 Nxg3 11. Bxg5 Be7 12. Bxe7 Qxe7 13. Rg1 Nf5 14. Qe4 d6
15. Bh3 Na6 16. Bxf5 Nc5 17. Qg4 h5 18. Qg7 Qf8 19. Bxc8 Rxc8 20. O-O-O 1-0

[Event "First Saturday 2009 februar IM"]
[Site "Budapest"]
[Date "2009.02.09"]
[Round "3"]
[White "Vybiral, Zdenek"]
[Black "Toth, Lili"]
[Result "1-0"]
[WhiteElo "2232"]
[BlackElo "2190"]
[PlyCount "41"]
[EventDate "2009.02.07"]

1. d4 Nf6 2. c4 e6 3. Nc3 Bb4 4. e3 O-O 5. Bd3 d5 6. a3 Bxc3+ 7. bxc3 c5 8.
cxd5 exd5 9. Ne2 c4 10. Bc2 Re8 11. f3 Nc6 12. O-O b5 13. Ng3 h5 14. Re1 a5 15.
e4 dxe4 16. Bg5 Qd5 17. Bxf6 gxf6 18. Bxe4 Qd6 19. Bh7+ Kf8 20. Qd2 f5 21. Qg5
1-0

[Event "First Saturday 2009 februar IM"]
[Site "Budapest"]
[Date "2009.02.09"]
[Round "3"]
[White "Csirik, Andras"]
[Black "Simonyi, Zoltan"]
[Result "1-0"]
[WhiteElo "2271"]
[BlackElo "2227"]
[PlyCount "141"]
[EventDate "2009.02.07"]

1. e4 e5 2. Nf3 Nc6 3. Bb5 g6 4. d4 exd4 5. c3 d3 6. Bg5 Be7 7. Bxe7 Qxe7 8.
O-O Nf6 9. e5 Nh5 10. Re1 O-O 11. Qxd3 d6 12. exd6 Qxd6 13. Qxd6 cxd6 14. Nbd2
Rd8 15. Rad1 d5 16. Bxc6 bxc6 17. Nd4 c5 18. Nc6 Rd6 19. Ne7+ Kf8 20. Nc4 Rd8
21. Nxd5 Bb7 22. Nde3 Nf4 23. Na5 Ba6 24. c4 Ne6 25. b3 Nd4 26. Nd5 Rd6 27. Re4
Rad8 28. Rde1 Ne6 29. a3 Rb8 30. f4 Kg7 31. g4 Nd4 32. R1e3 Nc2 33. Rf3 Re6 34.
Rxe6 fxe6 35. Nc7 Bc8 36. Nc6 Rb7 37. Ne8+ Kf8 38. Nd6 Rc7 39. Ne5 Nxa3 40. Rd3
Bb7 41. Nxb7 Rxb7 42. Nd7+ Ke7 43. Nxc5 Rc7 44. Ne4 Nc2 45. Kf2 a5 46. Rh3 Kf8
47. Ng5 Kg8 48. Nxe6 Rc6 49. Rc3 Nb4 50. Nd4 Rc7 51. Kf3 Kf7 52. Rc1 Rd7 53.
Rd1 Ke8 54. Re1+ Kf7 55. Nb5 Rd2 56. h3 Nc2 57. Re2 Rd3+ 58. Ke4 Nb4 59. Re3
Rd2 60. f5 Rh2 61. Kf4 gxf5 62. Nd6+ Kf6 63. g5+ Kg6 64. Re6+ Kg7 65. Nxf5+ Kg8
66. Re8+ Kf7 67. Re7+ Kg8 68. Rg7+ Kf8 69. Rxh7 Rb2 70. g6 Nd3+ 71. Kg3 1-0

[Event "First Saturday 2009 februar IM"]
[Site "Budapest"]
[Date "2009.02.10"]
[Round "4"]
[White "Toth, Lili"]
[Black "Csirik, Andras"]
[Result "0-1"]
[WhiteElo "2190"]
[BlackElo "2271"]
[PlyCount "64"]
[EventDate "2009.02.07"]

1. d4 Nf6 2. c4 g6 3. Nc3 Bg7 4. Nf3 O-O 5. g3 d6 6. Bg2 Nbd7 7. O-O e5 8. e4
a6 9. Re1 exd4 10. Nxd4 Ng4 11. Qxg4 Bxd4 12. Qd1 Bg7 13. f4 Nb6 14. Qd3 Be6
15. Nd5 Nxc4 16. Qxc4 c6 17. Qb4 cxd5 18. exd5 Bf5 19. Be3 Qf6 20. Rad1 Qxb2
21. Qxb2 Bxb2 22. Bb6 Bc2 23. Rd2 Bc3 24. Rxc2 Bxe1 25. Bh3 f5 26. g4 Rac8 27.
Re2 Rfe8 28. Rxe8+ Rxe8 29. gxf5 Bd2 30. fxg6 Be3+ 31. Bxe3 Rxe3 32. gxh7+ Kxh7
0-1

[Event "First Saturday 2009 februar IM"]
[Site "Budapest"]
[Date "2009.02.10"]
[Round "4"]
[White "Kislik, Erik Andrew"]
[Black "Cox, Tristan"]
[Result "1-0"]
[WhiteElo "2310"]
[BlackElo "2130"]
[PlyCount "95"]
[EventDate "2009.02.07"]

1. e4 c5 2. Nf3 Nc6 3. Bb5 Nf6 4. Nc3 g6 5. e5 Ng4 6. Bxc6 dxc6 7. h3 Nh6 8. g4
Bg7 9. d3 f6 10. Ne4 c4 11. exf6 exf6 12. g5 Nf5 13. gxf6 Bxf6 14. dxc4 Qxd1+
15. Kxd1 Bg7 16. c3 Be6 17. b3 O-O-O+ 18. Kc2 Nd6 19. Nxd6+ Rxd6 20. Nd4 Bd7
21. Be3 c5 22. Nb5 Bf5+ 23. Kb2 Rd3 24. Nxa7+ Kb8 25. Nb5 h5 26. a4 g5 27. a5
Be5 28. a6 Be4 29. a7+ Ka8 30. Rhg1 g4 31. hxg4 h4 32. Rge1 Bc6 33. Bxc5 Bxb5
34. Rxe5 Bc6 35. Rh5 Rxh5 36. gxh5 h3 37. h6 h2 38. h7 Rh3 39. Rd1 b6 40. Rd8+
Kxa7 41. h8=Q h1=Q 42. Qg7+ Ka6 43. Be3 Bf3 44. Bc1 Rh2 45. Rd2 Qe1 46. b4 Bb7
47. Qd4 Rh1 48. Kb3 1-0

[Event "First Saturday 2009 februar IM"]
[Site "Budapest"]
[Date "2009.02.10"]
[Round "4"]
[White "Kahn, Evart"]
[Black "Lyell, Mark"]
[Result "1-0"]
[WhiteElo "2290"]
[BlackElo "2287"]
[PlyCount "73"]
[EventDate "2009.02.07"]

1. d4 d5 2. c4 e5 3. cxd5 Qxd5 4. Nf3 Nc6 5. Nc3 Bb4 6. Bd2 Bxc3 7. Bxc3 e4 8.
Ne5 e3 9. f3 Nxe5 10. dxe5 Ne7 11. g3 Bd7 12. Bg2 Bc6 13. O-O O-O-O 14. Qc1 Qc5
15. b4 Qc4 16. Qxe3 Kb8 17. Qc5 Qxc5+ 18. bxc5 Nf5 19. Kf2 Nd4 20. Bxd4 Rxd4
21. Rfd1 Rhd8 22. Ke1 a5 23. Rxd4 Rxd4 24. Rd1 Rxd1+ 25. Kxd1 Ka7 26. Kd2 Ka6
27. Kc3 Kb5 28. Kd4 Kb4 29. Bh3 Ka3 30. e6 Be8 31. e7 Kxa2 32. Bc8 Kb3 33. Bxb7
Kb4 34. Kd5 f6 35. Bc6 a4 36. Bxe8 a3 37. Ba4 1-0

[Event "First Saturday 2009 februar IM"]
[Site "Budapest"]
[Date "2009.02.10"]
[Round "4"]
[White "Parkanyi, Attila"]
[Black "Farago, Sandor"]
[Result "1/2-1/2"]
[WhiteElo "2334"]
[BlackElo "2263"]
[PlyCount "38"]
[EventDate "2009.02.07"]

1. e4 Nf6 2. e5 Nd5 3. Nc3 Nxc3 4. bxc3 d6 5. f4 c5 6. d4 Nc6 7. Nf3 Bg4 8. Be2
e6 9. O-O Be7 10. Be3 dxe5 11. fxe5 Qa5 12. Qe1 Bxf3 13. Bxf3 O-O 14. Be4 cxd4
15. cxd4 Qxe1 16. Raxe1 Rfd8 17. c3 Na5 18. Rb1 Rac8 19. Bd2 b6 1/2-1/2

[Event "First Saturday 2009 februar IM"]
[Site "Budapest"]
[Date "2009.02.11"]
[Round "5"]
[White "Lyell, Mark"]
[Black "Parkanyi, Attila"]
[Result "1-0"]
[WhiteElo "2287"]
[BlackElo "2334"]
[PlyCount "95"]
[EventDate "2009.02.07"]

1. e4 g6 2. d4 Bg7 3. Nf3 d6 4. Nc3 a6 5. a4 b6 6. Bc4 e6 7. Qe2 Bb7 8. O-O Ne7
9. Bg5 h6 10. Be3 Nd7 11. Rfe1 O-O 12. Rad1 Nf6 13. Bc1 Nxe4 14. Nxe4 d5 15.
Bxh6 Bxh6 16. Nf6+ Kh8 17. Bd3 c5 18. c3 cxd4 19. cxd4 Nc6 20. Ng4 Bg7 21. Qe3
Kg8 22. h4 Re8 23. Qf4 f5 24. Nh6+ Bxh6 25. Qxh6 Qf6 26. Ng5 Qg7 27. Qxg7+ Kxg7
28. Nxe6+ Kf6 29. Nc7 Rxe1+ 30. Rxe1 Rd8 31. Bxa6 Bxa6 32. Re6+ Kf7 33. Rxc6
Rc8 34. Rxb6 Rxc7 35. Rxa6 Rc4 36. a5 Rxd4 37. Kf1 Ra4 38. b3 Rxh4 39. Rb6 g5
40. a6 Rh1+ 41. Ke2 Ra1 42. b4 Ke7 43. b5 Ra5 44. Rb7+ Kd6 45. a7 Ra2+ 46. Kd3
Kc5 47. b6 Ra3+ 48. Kc2 1-0

[Event "First Saturday 2009 februar IM"]
[Site "Budapest"]
[Date "2009.02.11"]
[Round "5"]
[White "Cox, Tristan"]
[Black "Kahn, Evart"]
[Result "0-1"]
[WhiteElo "2130"]
[BlackElo "2290"]
[PlyCount "68"]
[EventDate "2009.02.07"]

1. Nf3 c5 2. c4 Nc6 3. d4 cxd4 4. Nxd4 e6 5. g3 Bb4+ 6. Nc3 Nf6 7. Bg2 Bxc3+ 8.
bxc3 Qa5 9. O-O O-O 10. Qb3 a6 11. c5 Rd8 12. Nxc6 dxc6 13. Qb4 Qxb4 14. cxb4
a5 15. Bg5 axb4 16. Rfb1 Ra4 17. Bf4 Rd4 18. Bd6 Nd5 19. Rb2 f6 20. e3 Rd3 21.
Bf1 Rda3 22. Bc4 Nc3 23. f3 Kf7 24. Bb3 Ra5 25. Bc4 Na4 26. Rxb4 Rxe3 27. Kf2
Rc3 28. Rd1 Nxc5 29. Bc7 Raa3 30. Rd8 b5 31. Be2 Rxa2 32. Ke1 Re3 33. Rd2 Nd3+
34. Rxd3 Rexe2+ 0-1

[Event "First Saturday 2009 februar IM"]
[Site "Budapest"]
[Date "2009.02.11"]
[Round "5"]
[White "Vybiral, Zdenek"]
[Black "Kislik, Erik Andrew"]
[Result "0-1"]
[WhiteElo "2232"]
[BlackElo "2310"]
[PlyCount "82"]
[EventDate "2009.02.07"]

1. d4 Nf6 2. c4 e6 3. Nc3 Bb4 4. e3 O-O 5. Bd3 d5 6. a3 Bxc3+ 7. bxc3 c5 8.
cxd5 exd5 9. Ne2 Qc7 10. f3 Re8 11. O-O b6 12. Ng3 Ba6 13. Bxa6 Nxa6 14. Ra2
Re6 15. Re2 h5 16. Rfe1 Rae8 17. Qd3 Qb7 18. Qf5 g6 19. Qf4 Qc7 20. Qh4 cxd4
21. cxd4 Qc4 22. Qg5 Nh7 23. Qh6 b5 24. e4 b4 25. Qd2 h4 26. Nf1 Qb5 27. Bb2 h3
28. gxh3 dxe4 29. d5 Re5 30. Bxe5 Rxe5 31. fxe4 Ng5 32. Kg2 Qd7 33. Re3 bxa3
34. Qd4 Rxe4 35. Rxe4 Qxh3+ 36. Kg1 Nf3+ 37. Kf2 Nxd4 38. Rxd4 Nc5 39. Re3 Qf5+
40. Rf3 Qc2+ 41. Rd2 Ne4+ 0-1

[Event "First Saturday 2009 februar IM"]
[Site "Budapest"]
[Date "2009.02.11"]
[Round "5"]
[White "Csirik, Andras"]
[Black "Bacso, Gabor"]
[Result "1-0"]
[WhiteElo "2271"]
[BlackElo "2123"]
[PlyCount "49"]
[EventDate "2009.02.07"]

1. e4 c5 2. Nf3 d6 3. d4 cxd4 4. Nxd4 Nf6 5. Nc3 a6 6. Bg5 e6 7. f4 h6 8. Bh4
Be7 9. Qf3 Qc7 10. O-O-O Nbd7 11. Be2 b5 12. Bxf6 Nxf6 13. e5 Bb7 14. Qg3 dxe5
15. fxe5 Nd7 16. Nxe6 fxe6 17. Bh5+ Kd8 18. Qxg7 Rf8 19. Bg4 b4 20. Bxe6 bxc3
21. Rxd7+ Qxd7 22. Bxd7 cxb2+ 23. Kb1 Kxd7 24. Rd1+ Ke6 25. Qg6+ 1-0

[Event "First Saturday 2009 februar IM"]
[Site "Budapest"]
[Date "2009.02.11"]
[Round "5"]
[White "Simonyi, Zoltan"]
[Black "Toth, Lili"]
[Result "1-0"]
[WhiteElo "2227"]
[BlackElo "2190"]
[PlyCount "57"]
[EventDate "2009.02.07"]

1. d4 Nf6 2. c4 e6 3. Nc3 Bb4 4. f3 c5 5. d5 d6 6. e4 e5 7. Nge2 a6 8. g4 Nbd7
9. Ng3 g6 10. Bh6 Qa5 11. Qd2 Kd8 12. Rc1 Ne8 13. h4 b5 14. h5 Bxc3 15. bxc3
Kc7 16. Be3 Rf8 17. Be2 Nb6 18. hxg6 hxg6 19. Bg5 f6 20. Rh7+ Bd7 21. Be3 Kc8
22. Kf2 Na4 23. Kg2 Rb8 24. Bf2 g5 25. Qe1 Rg8 26. Qh1 Rg7 27. Rh8 Qd8 28. Qh5
Qe7 29. Nf5 1-0

[Event "First Saturday 2009 februar IM"]
[Site "Budapest"]
[Date "2009.02.12"]
[Round "6"]
[White "Bacso, Gabor"]
[Black "Simonyi, Zoltan"]
[Result "1/2-1/2"]
[WhiteElo "2123"]
[BlackElo "2227"]
[PlyCount "105"]
[EventDate "2009.02.07"]

1. Nf3 c5 2. c4 g6 3. d4 Bg7 4. d5 d6 5. Nc3 e5 6. e4 Bg4 7. Be2 Ne7 8. Nd2
Bxe2 9. Qxe2 Nd7 10. a3 Nf6 11. b4 Nh5 12. g3 b6 13. Nb3 O-O 14. O-O f5 15. f3
fxe4 16. fxe4 Rxf1+ 17. Qxf1 Qd7 18. Bd2 Rf8 19. Qe2 Nf6 20. Rf1 Ng4 21. Rxf8+
Bxf8 22. h3 Nh6 23. Kg2 Nf7 24. Qg4 Qxg4 25. hxg4 Nc8 26. Nb5 Be7 27. Nc7 Bg5
28. Be1 Nd8 29. Kf3 Kf7 30. Nb5 Ke7 31. Nc3 Nf7 32. b5 Kd7 33. a4 Ne7 34. a5
Ng8 35. a6 Kc7 36. Nd1 Bh6 37. Nf2 Ng5+ 38. Ke2 Nf7 39. Nd2 Nf6 40. Nf3 Bc1 41.
Bd2 Bxd2 42. Kxd2 g5 43. Ke2 h5 44. Nh2 Nh6 45. Kf3 Kd7 46. gxh5 Nxh5 47. Nhg4
Nf7 48. Ne3 Nf6 49. Nf5 g4+ 50. Ke3 Kd8 51. Kd3 Kd7 52. Ne3 Nh6 53. Nf1 1/2-1/2

[Event "First Saturday 2009 februar IM"]
[Site "Budapest"]
[Date "2009.02.12"]
[Round "6"]
[White "Kislik, Erik Andrew"]
[Black "Csirik, Andras"]
[Result "0-1"]
[WhiteElo "2310"]
[BlackElo "2271"]
[PlyCount "84"]
[EventDate "2009.02.07"]

1. e4 e5 2. Nf3 Nc6 3. Bb5 a6 4. Ba4 Nf6 5. Qe2 Be7 6. c3 b5 7. Bb3 O-O 8. O-O
d5 9. d3 Re8 10. Rd1 h6 11. Nbd2 Bf8 12. Nf1 Na5 13. Bc2 c5 14. Ng3 Qc7 15. h3
Bb7 16. Nh2 Rad8 17. Ng4 Nxg4 18. hxg4 Be7 19. Nf5 Bg5 20. Bxg5 hxg5 21. Qd2 f6
22. b4 dxe4 23. bxa5 exd3 24. Bxd3 c4 25. Nd6 Re6 26. Nxb5 axb5 27. Bh7+ Kxh7
28. Qxd8 Qc6 29. f3 e4 30. Qd7 Qc5+ 31. Rd4 Re7 32. Qf5+ Qxf5 33. gxf5 exf3 34.
Rad1 Re2 35. R1d2 Re1+ 36. Kh2 fxg2 37. Rxg2 Bxg2 38. Rd2 Bb7 39. Rd6 Re2+ 40.
Kg1 Rxa2 41. Rb6 Rxa5 42. Rxb7 Ra3 0-1

[Event "First Saturday 2009 februar IM"]
[Site "Budapest"]
[Date "2009.02.12"]
[Round "6"]
[White "Kahn, Evart"]
[Black "Vybiral, Zdenek"]
[Result "1-0"]
[WhiteElo "2290"]
[BlackElo "2232"]
[PlyCount "75"]
[EventDate "2009.02.07"]

1. d4 Nf6 2. c4 c5 3. d5 e6 4. Nc3 exd5 5. cxd5 d6 6. e4 g6 7. f4 Bg7 8. Nf3
O-O 9. Be2 Bg4 10. O-O Bxf3 11. Bxf3 Nbd7 12. a4 a6 13. Kh1 Rb8 14. a5 Ne8 15.
e5 dxe5 16. d6 c4 17. Be3 Nef6 18. fxe5 Nxe5 19. Ba7 Nd3 20. Bxb8 Qxb8 21. b3
Nd7 22. Qc2 Nb4 23. Qd2 cxb3 24. Rab1 Nc5 25. Ne4 Nbd3 26. Nxc5 Nxc5 27. Qd5 b6
28. axb6 Qxb6 29. Rfc1 Ne6 30. Rxb3 Qf2 31. d7 Bf6 32. Rbb1 h5 33. Rf1 Qh4 34.
g3 Qa4 35. Bd1 Qd4 36. Qxd4 Bxd4 37. Bb3 Nc5 38. Bxf7+ 1-0

[Event "First Saturday 2009 februar IM"]
[Site "Budapest"]
[Date "2009.02.12"]
[Round "6"]
[White "Parkanyi, Attila"]
[Black "Cox, Tristan"]
[Result "1/2-1/2"]
[WhiteElo "2334"]
[BlackElo "2130"]
[PlyCount "94"]
[EventDate "2009.02.07"]

1. e4 c5 2. Nc3 Nc6 3. g3 g6 4. Bg2 Bg7 5. d3 d6 6. Be3 e5 7. Qd2 Nge7 8. Bh6
O-O 9. h4 Bxh6 10. Qxh6 f6 11. Qd2 Nd4 12. Nd1 Be6 13. Ne3 d5 14. f4 dxe4 15.
dxe4 exf4 16. gxf4 Qd6 17. c3 Nb5 18. Qxd6 Nxd6 19. O-O-O Rad8 20. b3 b5 21.
Ne2 Bc8 22. Rhe1 Bb7 23. e5 fxe5 24. fxe5 Ne4 25. Rxd8 Rxd8 26. Ng4 Bc8 27.
Bxe4 Bxg4 28. Nf4 Bf5 29. Bf3 Kf7 30. Re2 Be6 31. Rf2 Nf5 32. Bg4 Ke7 33. h5
Ne3 34. Be2 g5 35. Nxe6 Kxe6 36. Rf3 Nf5 37. Bd3 Rf8 38. Bxb5 Kxe5 39. Bc6 g4
40. Rf1 Rf6 41. Bb7 g3 42. Kd2 Rh6 43. Bf3 Kf4 44. Bd5+ Kg5 45. Be4 Nh4 46. Ke3
Re6 47. Kd3 Re7 1/2-1/2

[Event "First Saturday 2009 februar IM"]
[Site "Budapest"]
[Date "2009.02.12"]
[Round "6"]
[White "Farago, Sandor"]
[Black "Lyell, Mark"]
[Result "0-1"]
[WhiteElo "2263"]
[BlackElo "2287"]
[PlyCount "78"]
[EventDate "2009.02.07"]

1. e4 e5 2. Nf3 Nc6 3. Bb5 f5 4. d3 Nf6 5. O-O Bc5 6. Bc4 d6 7. Ng5 Ng4 8. Bf7+
Ke7 9. Nc3 h6 10. Bg6 hxg5 11. Bxg5+ Nf6 12. Nd5+ Kf8 13. exf5 Nd4 14. c3 Nxf5
15. d4 exd4 16. Re1 c6 17. Nf4 dxc3 18. Re8+ Qxe8 19. Bxe8 Kxe8 20. Ng6 cxb2
21. Rb1 Rg8 22. Qb3 d5 23. Re1+ Kd8 24. Qxb2 Bd4 25. Qd2 c5 26. g4 Nd6 27. Qf4
Kc7 28. Ne7 Bxg4 29. Nxg8 Rxg8 30. Re7+ Kc6 31. Kg2 Bd7 32. a4 Nfe4 33. f3 Nxg5
34. Qxg5 Bf6 35. Qe3 d4 36. Qe2 d3 37. Qa2 d2 38. Re2 d1=Q 39. Rd2 Bh3+ 0-1

[Event "First Saturday 2009 februar IM"]
[Site "Budapest"]
[Date "2009.02.13"]
[Round "7"]
[White "Vybiral, Zdenek"]
[Black "Parkanyi, Attila"]
[Result "1/2-1/2"]
[WhiteElo "2232"]
[BlackElo "2334"]
[PlyCount "102"]
[EventDate "2009.02.07"]

1. d4 Nf6 2. c4 c5 3. d5 e6 4. Nc3 exd5 5. cxd5 d6 6. e4 g6 7. Nf3 Bg7 8. Bg5
h6 9. Bh4 a6 10. Nd2 b5 11. a4 b4 12. Ncb1 O-O 13. Bd3 Nbd7 14. Nc4 Nb6 15.
Nbd2 Nxc4 16. Nxc4 a5 17. O-O Ba6 18. Ne3 Qb6 19. Rc1 Rfe8 20. Bxa6 Qxa6 21. f3
Nd7 22. Nc4 Ne5 23. b3 Nxc4 24. Rxc4 Qa7 25. Qd3 Qd7 26. Rc2 f5 27. Bg3 Be5 28.
Bxe5 Rxe5 29. Re2 Rae8 30. Rfe1 Qa7 31. Kf1 f4 32. g3 Qf7 33. g4 Qf6 34. Rg2
R5e7 35. Rc1 Qe5 36. h4 Kh7 37. Qd2 Rc8 38. Rc4 Rec7 39. Qb2 Qe7 40. Rh2 Re8
41. Qd2 Qf7 42. Qb2 Re5 43. Qd2 Rce7 44. Qc1 Re8 45. Qd2 Qe7 46. Rc1 Qf6 47.
Rc4 R5e7 48. Qb2 Qf7 49. Qd2 Qg8 50. Qb2 Re5 51. Qd2 Qf7 1/2-1/2

[Event "First Saturday 2009 februar IM"]
[Site "Budapest"]
[Date "2009.02.13"]
[Round "7"]
[White "Csirik, Andras"]
[Black "Kahn, Evart"]
[Result "1/2-1/2"]
[WhiteElo "2271"]
[BlackElo "2290"]
[PlyCount "34"]
[EventDate "2009.02.07"]

1. e4 Nf6 2. e5 Nd5 3. d4 d6 4. Nf3 Bg4 5. Be2 e6 6. h3 Bh5 7. c4 Nb6 8. exd6
cxd6 9. Nc3 Be7 10. d5 e5 11. g4 Bg6 12. h4 h5 13. g5 Na6 14. Be3 Rc8 15. b3
Nc5 16. Rg1 a5 17. Rc1 Nbd7 1/2-1/2